Tvorba itineráru zájazdu v rámci domáceho cestovného ruchu bakalárska práca

Salvato in:
Dettagli Bibliografici
Autore principale: Matejková, Barbora
Ente Autore: Obchodná fakulta EU. Katedra cestovného ruchu
Altri autori: Frasch, Alexander, 1992-
Natura: Libro
Lingua:slovacco
Pubblicazione: Bratislava 2025
Tags: Aggiungi Tag
Nessun Tag, puoi essere il primo ad aggiungerne!!

MARC

LEADER 00000nbm a2200000 4500
001 0311172
005 20251112134802.8
041 0 |a slo 
044 |a SK 
245 1 0 |a Tvorba itineráru zájazdu v rámci domáceho cestovného ruchu  |b bakalárska práca  |c Barbora Matejková ; školiteľ: Alexander Frasch 
264 1 |a Bratislava  |c 2025 
300 |a 53 s. 
100 1 |a Matejková, Barbora 
700 1 |a Frasch, Alexander, 1992- 
710 2 |a Obchodná fakulta EU. Katedra cestovného ruchu